[Event "Escaldes zt"]
[Site "Escaldes"]
[Date "1998.11.11"]
[Round "6"]
[White "Vaisser, Anatoli"]
[Black "Van Wely, Loek"]
[Result "0-1"]
[WhiteElo "2575"]
[BlackElo "2635"]
[Annotator "Ftacnik,L"]
[PlyCount "46"]
[EventDate "1998.11.06"]
[EventType "swiss"]
[EventRounds "9"]
[EventCountry "AND"]
[SourceTitle "CBM 068"]
[Source "ChessBase"]
[SourceDate "1999.02.01"]
[SourceVersion "1"]
[SourceVersionDate "1999.02.01"]
[SourceQuality "1"]

1. d4 Nf6 2. c4 g6 3. Nc3 d5 4. cxd5 Nxd5 5. e4 Nxc3 6. bxc3 Bg7 7. Bb5+ c6 8.
Ba4 O-O 9. Ne2 b5 10. Bb3 a5 11. e5 (11. O-O a4 (11... Na6 12. Be3 Bb7 13. Rb1
Qd7 14. f4 e6 15. f5 exf5 16. exf5 a4 17. Bc2 Rfe8 18. Qd2 c5 19. Rf2 {1-0
Dautov,R-Luecke,N/Muenster 1990/EXT 97 (31)}) (11... Nd7 12. Bg5 Nb6 13. a3 Qc7
14. Qd2 c5 15. Bh6 Bxh6 16. Qxh6 Ba6 $2 (16... Bb7 $132) 17. Nf4 c4 (17... e5
18. Nxg6 $1 hxg6 19. Qxg6+ Kh8 20. Qh6+ Kg8 21. f4 $40) 18. Bc2 e5 19. Ne2 b4
20. axb4 axb4 21. f4 exd4 22. f5 Nd7 23. Nxd4 Qe5 (23... Qb6 24. e5 gxf5 25.
Qxb6 Nxb6 26. cxb4 $16) 24. Nf3 Qg7 {1/2-1/2 Kramnik,V-Kasparov,G/Paris 1992/
CBM 33/ (30)}) (11... Ba6 12. Be3 Nd7 13. a3 e5 14. Qd2 Qe7 15. Bg5 Bf6 16.
Bxf6 Nxf6 17. Ng3 a4 18. Ba2 b4 19. cxb4 Bxf1 20. Rxf1 exd4 {0-1 Lautier,J-Van
Wely,L/Monte Carlo 1998/CBM 63 ext (38)}) 12. Bc2 Nd7 (12... Na6 13. e5 c5 14.
Rb1 Rb8 15. Nf4 Qd7 16. Be3 cxd4 17. cxd4 Bb7 18. Qe2 Nc7 19. Bd3 Bc6 20. Rfc1
b4 {0-1 Czerwonski,A-Mach,H/OLNN9697 1996/EXT 98 (41)}) 13. f4 (13. Be3 e5)
13... f5 14. exf5 gxf5 15. Ng3 Nb6 (15... e6 $5 16. Nh5 Bh8 17. Rf3 Nf6 $14)
16. Nh5 Bh8 17. Rf3 Nc4 (17... b4 $5 18. Rg3+ Kf7 $13) 18. Rg3+ Kf7 19. Rh3 Qd5
20. Ng3 Kg8 21. Rh5 e6 22. Rg5+ Bg7 23. Nh5 {1-0 Chuchelov,V-Grimm,S/Porz 1992/
CBM 31/ (29)}) (11. a3 Nd7 (11... e5 $1 12. O-O Re8 13. Qc2 Qe7 14. f3 a4 15.
Ba2 Be6 16. Be3 Nd7 $2 (16... Bxa2 17. Qxa2 Nd7 18. d5 Nc5 $1) 17. d5 cxd5 18.
exd5 Bf5 19. Qd2 Nf6 20. Ng3 $1 (20. d6 Qd7 21. Ng3 Be6) 20... Bd7 21. Ne4 $1
Nxe4 22. fxe4 $16 {Yakovich,Y-Dzevlan,M/Stockholm 1995/ (22)}) 12. h4 (12. f4
c5 13. O-O cxd4 14. cxd4 Nf6 15. e5 Nd5 16. Ng3 a4 17. Bc2 Qb6 18. Kh1 e6 19.
Ne4 Rd8 20. Rb1 Bb7 21. Bxa4 Rxa4 22. Qxa4 bxa4 23. Rxb6 Nxb6 {0-1 Wagenmakers,
E-Van der Heijden,A/NLD-chT9596 1995/ (23)}) 12... e5 13. h5 a4 14. Ba2 exd4
15. hxg6 hxg6 16. cxd4 Nc5 17. e5 Nb3 18. Bxb3 axb3 19. Qxb3 Be6 20. Qg3 Re8
21. Bd2 Bc4 {0-1 Sekulic,D-Nestorovic,D/Kladovo 1994/ (32)}) (11. a4 b4 12. Be3
bxc3 13. Rc1 Nd7 14. O-O Ba6 15. Rxc3 c5 16. Bc4 cxd4 17. Bxd4 Bxc4 18. Rxc4
Nb6 19. Bxb6 Qxb6 20. Qc2 Rab8 {1/2-1/2 Yakovich,Y-Brinck Claussen,B/Koge 1997/
EXT 98 (24)}) 11... c5 12. h4 $1 (12. dxc5 $2 Qxd1+ 13. Bxd1 Bxe5 $15) 12...
Nc6 13. h5 cxd4 14. hxg6 hxg6 (14... d3 $2 15. gxf7+ $18) 15. Qd3 $6 {[%mdl
256] Vaisser must have missed something tactical, since his brave attempt in
kingside attack will fail. Keeping the center would nurture his chances for
the future.} (15. Nxd4 Nxe5 16. Bh6 Bxh6 17. Rxh6 Kg7 $17) (15. cxd4 $5 Bf5 16.
a4 bxa4 17. Rxa4 Nb4 18. Nf4 $14) 15... Nxe5 16. Qg3 (16. Qe4 $5 Bg4 $1 (16...
a4 $2 17. Qh4 $18) (16... Bf5 $2 17. Qh4 Nd3+ 18. Kf1 g5 (18... Re8 19. Qh7+
Kf8 20. Bh6 $18) 19. Bxg5 $16) 17. Nxd4 (17. cxd4 Bxe2 18. Kxe2 (18. dxe5 Qd3
19. Qh4 Bh5 20. g4 Qc3+ $19) 18... Nc4 19. Qh4 f5 $1 (19... Re8 $2 20. Qh7+ Kf8
21. Bh6 $18) 20. Qh7+ Kf7 $17) 17... e6 18. Bh6 (18. Nxb5 Nd3+ 19. Kf1 Nxc1 20.
Rxc1 Qg5 $19) 18... Bf5 $17) 16... Bg4 17. Nf4 (17. Qh4 Nd3+ (17... Bh5 18.
Nxd4 b4 $17) 18. Kf1 Bxe2+ 19. Kxe2 Nxc1+ 20. Raxc1 d3+ 21. Kd2 Re8 $17) (17.
Nxd4 Qc8 $17) 17... e6 18. Qh2 Re8 {Unless white can block f8 square for the
enemy's king his case is lost.} 19. f3 (19. Qh7+ Kf8 20. Ba3+ b4 21. cxb4 Qd6
22. Ba4 Red8 23. Rb1 Nc4 $19) 19... Bf5 (19... Bh5 20. Nxh5 gxh5 21. Qxh5 Nd3+
22. Kf1 Nxc1 23. Rxc1 dxc3 $17) (19... Qc7 $5 20. Qh7+ Kf8 21. O-O Bf5 22. Ba3+
b4 23. cxb4 Qe7 $19) 20. Qh7+ Kf8 21. g4 (21. Ba3+ b4 22. cxb4 Qd6 23. Qh4 axb4
$19) 21... Nxf3+ 22. Kf2 (22. Kf1 Bxg4 $19) 22... Ng5 23. Qh2 (23. Qh4 Ne4+ 24.
Kg2 g5 $19) 23... Be4 (23... Be4 24. Re1 a4 25. Bd1 dxc3 $19) 0-1

[Event "Groningen"]
[Site "Groningen"]
[Date "1989.??.??"]
[Round "?"]
[White "Piket, Jeroen"]
[Black "Hellers, Ferdinand"]
[Result "1-0"]
[WhiteElo "2540"]
[BlackElo "2560"]
[Annotator "Ftacnik,L"]
[PlyCount "81"]
[EventDate "1989.12.??"]
[EventType "tourn"]
[EventRounds "9"]
[EventCountry "NED"]
[EventCategory "11"]
[SourceTitle "CBM 016"]
[Source "ChessBase"]
[SourceDate "1990.06.01"]
[SourceVersion "1"]
[SourceVersionDate "1990.06.01"]
[SourceQuality "1"]

1. d4 Nf6 2. Nf3 g6 3. c4 Bg7 4. Nc3 d5 5. cxd5 Nxd5 6. e4 Nxc3 7. bxc3 c5 8.
Be3 O-O 9. Rc1 Qa5 10. Qd2 cxd4 11. cxd4 Qxd2+ 12. Nxd2 Rd8 13. Nb3 Nc6 14. d5
Nb4 15. a3 Na2 16. Rc2 Nc3 17. Bd3 e6 18. Bg5 f6 19. Bd2 Na4 20. Bc4 {N} (20.
Bb5 Bd7 21. Bxd7 Rxd7 22. dxe6 Re7 {Portisch,L-Adorjan,A/Ungarn ch/1981/1/4-1/
4/40/}) 20... Nb6 21. Ba5 exd5 22. Bxd5+ Kh8 23. O-O Re8 24. Nd4 (24. Bxb6 axb6
$10) 24... Nxd5 25. exd5 b6 26. Bb4 a5 27. Bd6 Ba6 28. Ne6 $5 (28. Rfc1 Rad8
29. Bc7 Rxd5 30. Bxb6) 28... Bxf1 29. Kxf1 Bf8 $2 (29... Rac8 30. Bc7 Bf8 $13)
30. Bxf8 Rxf8 31. Nxf8 Rxf8 32. Ke2 Rd8 33. Rd2 Kg7 34. Ke3 Kf7 35. Kd4 Rb8 36.
Re2 b5 37. d6 b4 38. axb4 Rxb4+ (38... axb4 39. Re7+ Kg8 40. Rc7 b3 41. d7 $18)
39. Kc5 Rb1 40. Re7+ Kf8 41. Rxh7 {Ftacnik} 1-0

[Event "Recklinghausen"]
[Site "Recklinghausen"]
[Date "1998.08.01"]
[Round "8"]
[White "Kachiani Gersinska, Ketino"]
[Black "Alterman, Boris"]
[Result "0-1"]
[WhiteElo "2435"]
[BlackElo "2615"]
[Annotator "Ftacnik,L"]
[PlyCount "72"]
[EventDate "1998.07.25"]
[EventType "tourn"]
[EventRounds "9"]
[EventCountry "GER"]
[EventCategory "12"]
[SourceTitle "CBM 067"]
[Source "ChessBase"]
[SourceDate "1998.11.30"]
[SourceVersion "2"]
[SourceVersionDate "1998.11.01"]
[SourceQuality "1"]

1. d4 Nf6 2. c4 g6 3. Nc3 d5 4. cxd5 Nxd5 5. e4 Nxc3 6. bxc3 Bg7 7. Be3 c5 8.
Qd2 Qa5 9. Rb1 b6 10. Bb5+ Bd7 11. Be2 Bc6 (11... O-O 12. Rc1 Bb5 13. d5 Nd7
14. c4 Qxd2+ 15. Kxd2 Ba4 16. Nh3 e6 17. Nf4 Rae8 18. f3 Ne5 19. Rc3 Bd7 20.
Ra3 exd5 21. exd5 h5 22. Rxa7 {1-0 Karpov,A-Timman,J/FIDE-Wch/1993/(52)}) (
11... cxd4 12. cxd4 Nc6 13. Qxa5 Nxa5 14. Ba6 O-O 15. Ne2 Bc8 16. Bd3 Bb7 17.
Kd2 Rfc8 18. Rhc1 e6 19. f3 Bf8 20. h4 {Jussupow,A-Lalic,B/EU-chTM/1997/1-0 
(41)}) 12. Bd3 Nd7 (12... O-O 13. Ne2 e6 14. h4 Nd7 15. h5 Nf6 16. f3 Nxh5 17.
g4 Nf6 18. Bh6 Bh8 19. Bxf8 Rxf8 20. Rh3 Bg7 21. e5 Nd5 22. f4 f6 23. exf6 Nxf6
{Epishin,V-Sokolov,I/Biel izt 1993/1-0 (68)}) 13. Ne2 Rd8 14. h4 (14. O-O cxd4
15. cxd4 Qxd2 16. Bxd2 Nc5 17. dxc5 Rxd3 18. Be3 bxc5 19. Bxc5 $15) (14. f3 O-O
15. Rc1 Bb7) 14... h5 (14... cxd4 15. cxd4 Nc5 16. Qxa5 bxa5 17. Bb5 Bxb5 18.
Rxb5 Nxe4 19. O-O O-O 20. Rfb1 Nd6 21. Rxa5 Rd7 {1/2-1/2 Epishin,V-Ftacnik,L/
BL9798/1998/ (44)}) 15. f3 O-O 16. Kf2 (16. Bg5 Rfe8 (16... cxd4 $6 17. cxd4
Qxd2+ 18. Kxd2 f6 19. Bf4 $14) 17. Rc1 (17. O-O cxd4 18. cxd4 Qxd2 19. Bxd2 Nc5
20. dxc5 Rxd3 21. Bb4 a5 22. Be1 bxc5 $17) 17... Bb7 18. d5 $2 (18. O-O f6 19.
Bh6 e5 20. Bxg7 Kxg7 21. d5 $15) 18... Ne5 19. Bb1 Nc4 20. Qf4 $4 (20. Qd1 Na3
21. Qb3 Ba6 $17) (20. Qc2 Ba6 $17) 20... Be5 {0-1 Shaked,T-Kasparov,G/Tilburg
Fontys/1997/}) (16. Rg1 Rfe8 17. Bg5 Ba4 18. g4 cxd4 19. cxd4 hxg4 20. Rxg4 Ne5
21. Qxa5 bxa5 22. dxe5 Rxd3 {1/2-1/2 Epishin,V-Notkin,M/Russian Club Cup/1998/
(45)}) 16... cxd4 17. Nxd4 $2 {[%mdl 16384] Kasparov's idea 13...Rd8 is very
strong, but such an antipositional move was not necessary. White set up is
losing its main idea of maintaining compact center, black is immediatelly
better.} (17. cxd4 Qxd2 18. Bxd2 Nc5 19. dxc5 (19. Bc2 Bxd4+ 20. Nxd4 Rxd4 21.
Be3 Rc4 $17) 19... Rxd3 20. Bg5 f6 (20... bxc5 21. Bxe7 Rc8 22. Bxc5 Rd2 23.
Bxa7 Rxa2 24. Be3 $14) 21. Be3 bxc5 22. Bxc5 Rd7 $11) 17... Ba4 18. Qb2 Rc8 19.
Qb4 (19. Rhc1 Nc5 $15) 19... Rxc3 (19... Qxb4 $5 20. cxb4 Rc3 21. Be2 Rfc8 $17)
20. Qxa5 bxa5 21. Bb5 (21. Be2 Rfc8 $17) 21... Bxb5 22. Nxb5 (22. Rxb5 Ra3 23.
Ra1 $6 Ra4 $1 24. Rd1 Rxa2+ $19) 22... Rc2+ 23. Kg3 Rxa2 24. Nxa7 {The smoke
have cleared up and black is left with strong spare pawn on a file.} (24. Rhd1
Ne5 25. Bxa7 Rc8 $19) 24... Ne5 25. Rhd1 a4 26. Bc5 Re8 (26... Bf6 $6 27. f4 $1
Rc2 28. Bb4 Ra8 29. Nb5 Nc6 30. e5 Nxb4 31. exf6 Nc6 32. Rbc1 Rxc1 33. Rxc1 $13
) 27. Rb7 e6 28. Kh3 (28. f4 Rc2 $1 29. Bb4 a3 30. Nb5 a2 31. Bc3 Ng4 32. Bxg7
Kxg7 $19) 28... Rc2 29. Be7 Nc4 30. Nb5 (30. Rdd7 a3 31. Bxa3 Nxa3 32. Rxf7 Bh8
$19) 30... Rb2 31. Rdd7 (31. Bg5 a3 32. Rdd7 a2 33. Rxf7 Bh8 $19) 31... Ne5 32.
Rdc7 Nxf3 $1 {[%mdl 64] Small combinations in positions without queen are
often very efficient, white king is attacked with vegnance.} 33. Bd6 (33. gxf3
Be5 $19) 33... Be5 34. Bxe5 (34. gxf3 $2 Rh2#) (34. Rxf7 $2 Ng1#) 34... Nxe5
35. Rc5 Ng4 36. Ra7 Rd8 (36... Rd8 37. Rxa4 Rd3+ 38. g3 Rh2#) 0-1

[Event "Hoogovens"]
[Site "Wijk aan Zee"]
[Date "1998.01.29"]
[Round "11"]
[White "Van Wely, Loek"]
[Black "Shirov, Alexei"]
[Result "1/2-1/2"]
[WhiteElo "2605"]
[BlackElo "2710"]
[Annotator "Ftacnik,L"]
[PlyCount "72"]
[EventDate "1998.01.16"]
[EventType "tourn"]
[EventRounds "13"]
[EventCountry "NED"]
[EventCategory "17"]
[SourceTitle "CBM 063"]
[Source "ChessBase"]
[SourceDate "1998.03.26"]
[SourceVersion "1"]
[SourceVersionDate "1998.03.26"]
[SourceQuality "1"]

1. d4 Nf6 2. c4 g6 3. Nc3 d5 4. cxd5 Nxd5 5. e4 Nxc3 6. bxc3 Bg7 7. Nf3 c5 8.
Rb1 O-O 9. Be2 cxd4 10. cxd4 Qa5+ 11. Bd2 Qxa2 12. O-O b6 13. Bg5 (13. Qc1)
13... Bb7 (13... Qe6 14. Re1 Bb7 15. Bb5 a5 16. d5 Qd6 17. Nd2 Na6 18. Nc4 Qc7
19. Be3 Nc5 20. e5 Qd8 21. Bc6 Bxc6 22. dxc6 Qxd1 23. Rexd1 {1-0 Sadler,
M-Dvoirys,S/Oberwart op 1996 (35)}) (13... Nd7 14. Rc1 e6 15. Bb5 a6 16. Bc6
Ra7 17. Qd3 b5 18. Ra1 Qc4 19. Bxb5 Qxd3 20. Bxd3 Bb7 21. Rfc1 Ba8 22. Ra5 Nb8
23. Rac5 a5 24. d5 exd5 25. exd5 {1/2-1/2 Kamiljanov,T-Labunskiy,D/RUS-Cup2
1996}) (13... Re8 $6 14. Bb5 Bd7 15. Qd3 Qa5 16. Bc4 Nc6 (16... e6 17. Bd2 Qh5
18. d5) 17. Bd2 (17. Ra1 $5 Qb4 18. Bd2 Qd6 19. e5 Qc7 20. Ng5 e6 21. Rac1 $5
$36) (17. Rb5 Qa4 18. Bb3 Nb4 19. Bxf7+ Kxf7 20. Qc4+ Kf8 21. Ne5 Bxe5 22. dxe5
Kg7 23. e6 Bxe6 24. Qd4+ Kf7 25. Rxb4 Qd7 26. Qb2 $44) 17... Qh5 18. Rb5 e5 19.
Ng5 Nxd4 $6 (19... Rf8 20. f4 $5 Nxd4 21. Rxe5 Bxe5 22. fxe5 Ne6 23. Nxf7 Nc5
24. Qd6 $18) (19... Nd8 20. Rd5 Be6 21. dxe5 $16) (19... Re7 20. d5 Nd8 21.
Rbb1 Bh6 22. Qg3 Qg4 23. Qxg4 Bxg4 24. f4 $44) 20. Bxf7+ Kh8 21. Bxe8 Bxe8 22.
Rb2 $1 $16 {1-0 Gelfand,B-Ivanchuk,V/Dos Hermanas 1996 (32)}) 14. d5 (14. Bd3
e6 (14... Qe6 15. Re1 Qd6 16. Qd2 e6 17. e5 Qd7 18. Qf4 Rc8 19. Be4 Bxe4 20.
Rxe4 Qd5 21. Rbe1 Rc3 $8 22. Bh6 Rxf3 $8 23. gxf3 Bxh6 24. Qxh6 Nd7 {1/2-1/2
Miladinovic,I-Atalik,S/Vrnjacka Banja 1992 (42)}) 15. Be7 Rc8 16. Bb4 Nc6 17.
Ra1 Qb2 18. Rb1 Qa2 19. Ra1 Qxa1 20. Qxa1 Nxb4 21. Bb1 a5 22. Qb2 Bf8 23. Re1
a4 24. Re3 a3 25. Rxa3 Rxa3 26. Qxa3 Na2 {0-1 Grdinic,Z-Jelen,I/CRO-chT2 1996})
(14. Rc1 $5 Bxe4 (14... e6 $5 15. Re1 $1 Qa5 $5 (15... Bxe4 16. Bc4 Bxf3 17.
Qxf3 Qa5 18. Qxa8 Qxg5 19. Qxa7 Nc6 20. Qxb6 Nxd4 21. Qb7 $14) 16. Bc4 Nd7 (
16... Nc6 17. d5 exd5 18. exd5 Nb4 19. Be7 $16) 17. Qb3 Ba6 $8 18. Bd2 $1 Bxc4
19. Rxc4 Qa6 20. Rc7 Rad8 $2 (20... Nf6 21. d5 Rac8 22. Rxc8 Qxc8 23. d6 Qc6
24. e5 Nd7 25. Rc1 Qe4 26. Bg5 $1 $44 {/\ h4, Rc7}) 21. e5 $1 {1-0 Chuchelov,
V-Tseshkovsky,V/France 1996 (35)}) 15. Bxe7 Re8 16. Bc4 Qa5 (16... Qb2 17. Bd6
{/\ Ne5} b5 18. Bb3 $44) 17. Bc5 $5 bxc5 18. Ng5 Re7 (18... Nc6 19. Bxf7+ Kh8
20. Bxe8 Rxe8 21. Nxe4 Rxe4 22. Rxc5 Qb6 23. Qc2 $18) (18... Nd7 19. Bxf7+ Kh8
20. Bxe8 Rxe8 21. Nxe4 Rxe4 22. dxc5 $16) 19. Nxe4 Nd7 (19... Nc6 20. Bd5 Rc8
21. Rxc5 Qb6 22. Nd6 Rcc7 23. Bxc6 Rxc6 24. Nc8 $18) 20. dxc5 Rd8 $1 {1/2-1/2
Gelfand,B-Ivanchuk,V/Novgorod 1996 (31)}) 14... e6 15. Be7 (15. d6 Bxe4 16. Rc1
Nc6 17. Bc4 Qa5 18. Re1 Bxf3 19. Qxf3 Nd4 20. Qg4 h5 21. Qf4 Qf5 22. Qxf5 Nxf5
23. d7 Bh6 24. Bxh6 Nxh6 25. Ba6 Rfd8 26. Rc8 Kf8 27. Rec1 {1-0 Tupy,M-Klima,L/
Mladi op 1997}) 15... Re8 (15... Rc8 16. Rc1 Nd7 $13) 16. d6 Bxe4 17. Bb5 {
Ftacnik: Without the might of the d6 pawn white would be flatly lost, white
must pray for enough counterplay.} Bc6 (17... Qxb1 18. Qxb1 Bxb1 19. Bxe8 Bf5
20. Rc1 e5 21. Ng5 $1 $14) (17... Nc6 18. Ng5 $1 (18. Rc1 Bxf3 19. gxf3 Nxe7
20. Bxe8 Rxe8 21. dxe7 Qa3 $17) 18... Bd5 (18... Qxb1 19. Qxb1 Bxb1 20. Bxc6 (
20. Rxb1 Nxe7 21. Bxe8 Rxe8 $19) 20... Bd3 21. Bxe8 Rxe8 22. d7 $18) 19. Rc1
Nxe7 20. Bxe8 Rxe8 21. dxe7 h6 22. Nh3 Rxe7 $16) 18. Qd3 Qd5 (18... a6 19. Bxc6
Nxc6 20. Bh4 b5 21. Rfc1 $13) 19. Qxd5 exd5 20. Rfc1 (20. Rfe1 Bxb5 21. Rxb5
Nd7 22. Rxd5 a5 $17) 20... Bxb5 (20... Bd7 21. Bxd7 Nxd7 22. Rc7 Nf8 23. Bxf8
Kxf8 24. Ng5 $15) 21. Rxb5 a5 $1 {Ftacnik: The absence of a2 pawn gives black
the chance to test the strength of the free a pawn.} (21... Nd7 22. Rxd5 $15)
22. Rxd5 (22. Rxb6 a4 23. Rb7 a3 24. d7 Nxd7 25. Bxa3 Ne5 $15) 22... a4 23. d7
(23. Ne1 Nd7 (23... Ra7 24. Kf1 a3 25. Rc7 $1) 24. Rc7 a3 25. Rxd7 a2 26. Rd1
a1=Q 27. Rxa1 Rxa1 28. Kf1 Bc3 $19) 23... Nxd7 24. Rxd7 a3 (24... Rxe7 $2 25.
Rxe7 a3 26. Rec7 $1 Bb2 27. Rc8+ Rxc8 28. Rxc8+ Kg7 29. Ra8 $18) 25. Bxa3 (25.
Nd2 a2 26. Nb3 a1=Q 27. Nxa1 Rxa1 28. Rxa1 Bxa1 $17) 25... Rxa3 {Ftacnik: The
smoke have cleared, both dangeous passed pawns have vanished from the board.
Black has fair chance to make life misserable for his opponent.} 26. Rb7 Rb3 (
26... Ra2 $5 27. Rxb6 (27. h4 Bh6 28. Rd1 Ree2 29. Rd8+ Kg7 30. Rdd7 Rxf2 31.
Rxf7+ Kg8 32. Rxh7 Rxg2+ 33. Kh1 Bf8 $17) 27... h6 28. g3 Ree2 29. Rf1 g5 $17)
27. h4 Bh6 28. Rc6 Rb1+ 29. Kh2 Re2 30. Kg3 (30. Rbxb6 $2 Bf4+ $1 31. Kh3 (31.
g3 Rxf2+ 32. Kh3 Rxb6 33. Rxb6 Rxf3 $19) 31... Rh1+ 32. Kg4 Re4 33. Ng5 Bxg5+
34. Kxg5 Rhxh4 $19) 30... Rf1 31. Rc8+ $1 Kg7 (31... Bf8 32. Rbb8 Rfxf2 33.
Rxf8+ Kg7 34. Rg8+ Kh6 35. Rb7 $16) 32. Rcc7 Rfxf2 33. Rxf7+ Kg8 34. Rxh7 Rxg2+
35. Kh3 Rgf2 (35... Bf4 36. Rhg7+ Kh8 37. Rh7+ $11) 36. Kg3 Rg2+ 1/2-1/2

[Event "Belgrade GMA op"]
[Site "Belgrade"]
[Date "1988.??.??"]
[Round "?"]
[White "Epishin, Vladimir"]
[Black "Ftacnik, Lubomir"]
[Result "1/2-1/2"]
[WhiteElo "2475"]
[BlackElo "2590"]
[Annotator "Ftacnik,L"]
[PlyCount "45"]
[EventDate "1988.12.??"]
[EventType "swiss"]
[EventRounds "9"]
[EventCountry "YUG"]
[SourceTitle "TD"]
[Source "ChessBase"]
[SourceDate "1994.03.01"]
[SourceVersion "1"]
[SourceVersionDate "1994.03.01"]
[SourceQuality "1"]

1. d4 Nf6 2. Nf3 g6 3. c4 Bg7 4. Nc3 d5 5. cxd5 Nxd5 6. e4 Nxc3 7. bxc3 c5 8.
Rb1 O-O 9. Be2 Nc6 10. d5 Ne5 11. Nxe5 Bxe5 12. Qd2 b6 13. f4 Bg7 14. c4 e5 15.
O-O (15. Bb2 exf4 16. Qxf4 $14) 15... exf4 16. Qxf4 Bd4+ 17. Be3 Bxe3+ 18. Qxe3
Qe7 19. Qf4 (19. e5 $1 Re8 20. e6 fxe6 21. Bf3 Rb8 22. Qe5 Bd7 23. Rbe1 Qg7 24.
Qc7 $16) 19... f6 20. a4 g5 21. Qd2 Rb8 22. Bd3 Qe5 23. Qb2 1/2-1/2

[Event "Dortmund SuperGM 26th"]
[Site "Dortmund"]
[Date "1998.06.28"]
[Round "3"]
[White "Shirov, Alexei"]
[Black "Leko, Peter"]
[Result "0-1"]
[WhiteElo "2710"]
[BlackElo "2670"]
[Annotator "Ftacnik,L"]
[PlyCount "62"]
[EventDate "1998.06.26"]
[EventType "tourn"]
[EventRounds "9"]
[EventCountry "GER"]
[EventCategory "18"]
[SourceTitle "CBM 066"]
[Source "ChessBase"]
[SourceDate "1998.09.30"]
[SourceVersion "1"]
[SourceVersionDate "1998.09.30"]
[SourceQuality "1"]

1. d4 Nf6 2. c4 g6 3. Nc3 d5 4. cxd5 Nxd5 5. e4 Nxc3 6. bxc3 Bg7 7. Nf3 c5 8.
Rb1 O-O 9. Be2 cxd4 10. cxd4 Qa5+ 11. Bd2 Qxa2 12. O-O Nd7 13. Bb4 Nb6 14. Ne5
f6 15. Nd3 (15. Nc4 Nxc4 16. Ra1 Nb2 17. Rxa2 Nxd1 18. Bc4+ Kh8 19. Rxd1 Bd7 (
19... Rd8 $5 20. Bxe7 Re8 21. Bc5 Rxe4 22. Rxa7 Rxa7 23. Bxa7 Bf8 $1 24. g3 (
24. f3 Re7 (24... Re8 25. d5 Bd6 26. Rc1 Bd7 (26... Kg7 27. Bb5 $16 {Da Costa
Junior,L}) 27. Rb1 Bc8 28. Bd4 Kg7 29. Rb6 Rd8 30. g3 Kf7 31. Kg2 Ke7 32. f4
Rf8 33. h4 $16 {Correa,A-Tsuboi,E/Brasil-ch/1990/}) 25. Bc5 Rc7 26. Bxf8 Rxc4
$10) 24... Bd6 25. Kg2 (25. Bd5 Re7 26. Rc1 Bh3 $10) 25... Kg7 26. Bd5 Re7 27.
Bb6 Be6 {Ivanov,S-Daniliuk,S/RUS-ch/1995/1/2-1/2 (56)}) 20. Bxe7 Rfe8 21. Bc5 (
21. Bd6 a5 $5 (21... Rec8) 22. e5 fxe5 23. dxe5 Be6 $11 {Sakaev,K-Karasev,V/
USSR/1990/}) 21... b6 22. Bd6 a5 23. Bd5 Ra6 24. f4 b5 25. e5 a4 26. Rc1 fxe5
27. dxe5 {1/2-1/2 Chibukhchian,A-Daniliuk,S/Mlada Boleslav op/1994/}) 15... Qf7
16. d5 (16. Nc5 Rd8 17. Ba5 (17. d5 f5) 17... f5 18. Rb4 Kh8 19. Qa1 Rb8 20. e5
Nd5 21. Bxd8 Nxb4 22. Rb1 Nc6 23. Bc7 Ra8 24. Qa4 e6 25. Bd6 {1-0 Chloupek,
S-David,P/Vysehrad/1990/ (39)}) 16... f5 17. Nc5 fxe4 $1 $146 {Leko became a
great expert in Gruenfeld indian defense, in many positions he has his own
ideas. White needs a compensation for the sacrificed pawn, but if his central
structure should fall opponent will surely be better.} (17... Rd8 18. f3 e6 19.
d6 Be5 20. d7 Bxd7 21. Nxb7 Rdb8 22. f4 Rxb7 23. fxe5 Bc6 24. Bf3 Qd7 25. exf5
Qxd1 26. Rbxd1 Bxf3 27. gxf3 Nd5 $17 {Bazhin,A-Daniliuk,S/Alekhine op-B/1992/
0-1 (58)}) 18. d6 Rd8 $1 (18... exd6 $6 19. Nxe4 (19. Qxd6 Bf5 $17) 19... Qf4 (
19... Be5 20. f4 $1) 20. Nxd6 Be5 21. Qb3+ Kh8 22. g3 $14) 19. Nxe4 (19. d7
Bxd7 20. Nxb7 Rf8 $17) 19... Bf5 20. Bd3 (20. Ng5 Qa2 $1 21. Bd3 Bxd3 22. Qxd3
Qd5 23. Qxd5+ Nxd5 24. dxe7 Re8 $17) 20... Bxe4 (20... exd6 $2 21. Nxd6 Qe6 22.
Re1 $16) 21. Bxe4 exd6 22. f4 {Shirov tries to prove, that two bishops can
make black king miserable in the view of the bit open kingside. On the other
hand black has two spare pawns and excellent counterplay.} (22. Bxd6 Kh8 $1 (
22... Qe6 23. Rxb6 $1 Qxe4 (23... axb6 24. Bd5 $18) 24. Qb3+ Kh8 25. Rb4 Qc6
$17) 23. Qd3 Qf6 24. Rfd1 Bf8 $19) 22... d5 23. Bc2 Nc4 24. Rb3 (24. f5 Ne3 25.
fxg6 Qxf1+ 26. Qxf1 Nxf1 27. gxh7+ Kh8 28. Kxf1 Rd7 $17) 24... a5 25. Ba3 (25.
f5 axb4 26. fxg6 Qc7 $19) 25... d4 $1 {Black has won the fight for the central
control and it shows. White's attack comes too late.} 26. f5 (26. Bc1 a4 27.
Rb4 b5 28. Rxb5 Ne3 29. Bxe3 dxe3 30. Qb1 (30. Qf3 Qc4 31. Be4 Qxb5 32. Bxa8 e2
33. Re1 Qc5+ 34. Kh1 Bc3 $19) 30... e2 31. Re1 Qa7+ 32. Kh1 Qf2 $19) 26... Ne3
(26... g5 27. Qd3 Nxa3 28. Rxa3 Qe7 $19) 27. Qf3 (27. fxg6 Qxf1+ 28. Qxf1 Nxf1
29. gxh7+ Kh8 30. Kxf1 a4 31. Rf3 (31. Rxb7 d3 32. Bd1 Rab8 $19) 31... Rac8 32.
Bd3 Bf8 $19) 27... Rd7 (27... Nxc2 $2 28. Rxb7 Qd5 29. f6 $1 Bxf6 (29... Qxf3
$2 30. Rxg7+ Kh8 31. Rxf3 $13) 30. Qxf6 Qxb7 31. Qe6+ Kh8 (31... Kg7 32. Be7
Qd5 33. Rf7+ Kh6 34. Qf6 $16) 32. Be7 Rg8 33. Rf7 $40) (27... Nxf1 28. Kxf1 (
28. Qxf1 a4 29. Rb1 Qc7 $19) (28. Rxb7 Nd2 29. Qc6 Rac8 30. Qa6 Qc4 $19) 28...
Rd7 29. Be4 Rad8 $19) 28. Qh3 (28. Rxe3 dxe3 29. fxg6 Qxf3 30. gxh7+ Kh8 31.
Rxf3 Rd2 $19) 28... d3 $1 (28... Nxc2 $2 29. fxg6 hxg6 30. Rxf7 Rxf7 $13) (
28... Nxf1 29. fxg6 hxg6 30. Rf3 $1 Nd2 31. Rxf7 Rxf7 32. Qe6 Ra6 33. Qe8+ Bf8
34. Bd3 Raf6 35. h4 $17) 29. Bxd3 (29. Rf3 Nxc2 30. fxg6 Bd4+ $1 31. Kh1 Qxb3
$19) (29. Bb1 Qxb3 30. fxg6 hxg6 31. Qxd7 Nxf1 $19) 29... Nxf1 (29... Qxb3 30.
fxg6 h6 31. Qxd7 Nxf1 32. Qf7+ Qxf7 33. gxf7+ Kxf7 34. Kxf1 Rd8 $19) 30. fxg6
Bd4+ 31. Kh1 Qf2 (31... Qf2 32. Bc4+ Kh8 $19) 0-1